000 00298nam a2200121Ia 4500
008 190216s9999||||xx |||||||||||||| ||und||
100 _aBernard L Cohen
245 0 _aConcepts Of Nuclear Physics
260 _bTata Mcgrawhill Publishers
_c1971
300 _a435 p
650 _aPhysics
942 _cBK
999 _c33002
_d33002